|
|
|
|
| LEADER |
01070nam a2200301 a 4500 |
| 001 |
2768 |
| 003 |
BD-DhAAL |
| 005 |
20150617112914.0 |
| 008 |
150617s1998 nyu 001 0 eng |
| 010 |
|
|
|a 97043836
|
| 020 |
|
|
|a 0070691940
|
| 040 |
|
|
|a DLC
|c DLC
|d DLC
|d BD-DhAAL
|
| 050 |
0 |
0 |
|a HF5548.83
|b .W44 1998
|
| 082 |
0 |
0 |
|a 650.1/3
|2 21
|
| 100 |
1 |
|
|a Weinstein, Bob,
|d 1941-
|9 12230
|
| 245 |
1 |
0 |
|a I hate my boss :
|b how to survive and get ahead when your boss is a tyrant, control freak, or just plain nuts /
|c Bob Weinstein.
|
| 260 |
|
|
|a New York :
|b McGraw-Hill,
|c c1998.
|
| 300 |
|
|
|a xv, 214 p. ;
|c 23 cm.
|
| 500 |
|
|
|a Includes index.
|
| 541 |
|
|
|e 2768
|
| 650 |
|
0 |
|a Managing your boss.
|9 12231
|
| 650 |
|
0 |
|a Supervision of employees.
|9 7453
|
| 650 |
|
0 |
|a Executives.
|9 12232
|
| 650 |
|
0 |
|a Personnel management.
|9 12233
|
| 650 |
|
0 |
|a Interpersonal relations.
|9 6096
|
| 942 |
|
|
|2 ddc
|c BK
|
| 999 |
|
|
|c 34768
|d 34768
|
| 952 |
|
|
|0 0
|1 0
|2 ddc
|4 0
|6 650_130000000000000_WEI
|7 0
|9 54379
|a SCL
|b SCL
|c GEN
|d 2015-06-17
|l 3
|m 4
|o 650.13 WEI
|p 3020002768
|r 2022-01-19
|s 2022-01-12
|t 1
|w 2015-06-17
|y BK
|